01000nam a2200241 a 450000100100000000500170001000800410002702000180006804000250008608200180011110000390012924501750016826000360034330000370037950000480041650400410046460000520050570000420055770000290059904900090062895201040063799900170074100001942220240503073630.0100629s2008 es ac 001 0bspa d a9788497645614 aDO-SdBNPbspacBNPHU a928.61bC419G1 aGarcía Calleja, José A.94168610aCervantes y su época :bel soldado y escritor entre dos siglos /cJosé A. García Calleja, F. Javier González Martín ; coordinadores Felipe SenfTaller de libros aMadrid :bEdimat Libros,c2008. a190 p. :bil., retrs. ;c22. cm. aIncluye cronología de Cervantes 1547-1618 aIncluye bibliografías (p. 187-188)10aCervantes Saavedra, Miguel de,d1547-1616930701 aGonzález Martín, F. Javier9416871 aSen Felipeecoor.941688 aBNPD 001052708MOaRbRcCTd2010-06-29iLF1l0o928.61 C419Gp19422-10r2020-06-25w2020-06-25y2Z02 c18938d18938